Mobile Security: How to Secure, Privatize, and Recover Your Devices (Record no. 10599)

MARC details
000 -LEADER
fixed length control field 00505nam a22002057a 4500
003 - CONTROL NUMBER IDENTIFIER
control field OSt
008 - FIXED-LENGTH DATA ELEMENTS--GENERAL INFORMATION
fixed length control field 210327b ||||| |||| 00| 0 eng d
020 ## - INTERNATIONAL STANDARD BOOK NUMBER
International Standard Book Number 9789351103974
100 ## - MAIN ENTRY--PERSONAL NAME
Personal name SPEED,Tim
245 ## - TITLE STATEMENT
Title Mobile Security: How to Secure, Privatize, and Recover Your Devices
250 ## - EDITION STATEMENT
Edition statement -
260 ## - PUBLICATION, DISTRIBUTION, ETC. (IMPRINT)
Place of publication, distribution, etc New Delhi
Name of publisher, distributor, etc SPD
Date of publication, distribution, etc 2013
300 ## - PHYSICAL DESCRIPTION
Extent 216
650 ## - SUBJECT ADDED ENTRY--TOPICAL TERM
Topical term or geographic name as entry element CS
700 ## - ADDED ENTRY--PERSONAL NAME
Personal name NYKAMP,Darla
700 ## - ADDED ENTRY--PERSONAL NAME
Personal name HEISER,Mari
700 ## - ADDED ENTRY--PERSONAL NAME
Personal name ANDERSON,Joseph
700 ## - ADDED ENTRY--PERSONAL NAME
Personal name NAMPALLI,Jaya
942 ## - ADDED ENTRY ELEMENTS (KOHA)
Source of classification or shelving scheme Dewey Decimal Classification
Koha item type Text Books
942 ## - ADDED ENTRY ELEMENTS (KOHA)
-- 6
Holdings
Withdrawn status Lost status Source of classification or shelving scheme Damaged status Not for loan Collection code Home library Current library Date acquired Source of acquisition Currency Cost, normal purchase price Bill Number Total Checkouts Full call number Acc. no. / Barcode Date last seen Date last borrowed Actual Cost, discounted price Bill Date Koha item type
    Dewey Decimal Classification     Computer Science & Engineering in Cyber Security PIET C-LIBRARY PIET C-LIBRARY 22/03/2021 Kirti Praskshan IN Rupees 799.00 IN1904 6 005.8 SPM 32717 13/05/2025 29/04/2025 599.25 22/03/2021 Text Books
    Dewey Decimal Classification     Computer Science & Engineering in Cyber Security PIET C-LIBRARY PIET C-LIBRARY 22/03/2021 Kirti Praskshan IN Rupees 799.00 IN1904 3 005.8 SPM 32718 29/04/2025 18/04/2025 599.25 22/03/2021 Text Books
    Dewey Decimal Classification     Computer Science & Engineering in Cyber Security PIET C-LIBRARY PIET C-LIBRARY 22/03/2021 Kirti Praskshan IN Rupees 799.00 IN1904   005.8 SPM 32719 27/03/2021   599.25 22/03/2021 Reference Books

Design & Developed by: PIET Central Library
R70 Miles Stone Pattikalyana Samalkha Panipat 132102
mail ID :- [email protected], Phone No:- 0180-2569700 Ex.216